Most Popular Songs in USA 12/27/2025 - Statistics

General Stats
  • This quiz has been taken 9 times
  • The average score is 6 of 15
Answer Stats
Rank Artist (Version) Answer Streams Radio Airplay Sales % Correct
1. Mariah Carey All I Want For Christmas Is You 41.9 Million 27.9 Million 3.5 Thousand
78%
4. Wham! Last Christmas 39.7 Million 20 Million 3 Thousand
56%
15. Alex Warren Ordinary 16.3 Million 56.9 Million 2.5 Thousand
56%
14. Jose Feliciano Feliz Navidad 22.4 Million 23.3 Million 1.5 Thousand
44%
3. Brenda Lee Rockin' Around The Christmas Tree 40.5 Million 21.3 Million 2 Thousand
44%
7. Kelly Clarkson Underneath The Tree 28.6 Million 10.6 Million 2 Thousand
44%
2. Bobby Helms Jingle Bell Rock 41.7 Million 20.4 Million 1.5 Thousand
33%
5. Ariana Grande Santa Tell Me 32.5 Million 9.8 Million 1 Thousand
33%
6. Nat "King" Cole The Christmas Song (Merry Christmas To You) 27.5 Million 16.4 Million 1 Thousand
33%
10. Taylor Swift The Fate Of Ophelia 17.1 Million 57 Million 3.5 Thousand
33%
11. HUNTR/X Golden 17.9 Million 57.3 Million 4.5 Thousand
22%
13. Michael Buble It's Beginning To Look A Lot Like Christmas 24.4 Million 14.4 Million 1 Thousand
22%
9. Andy Williams It's The Most Wonderful Time Of The Year 24.2 Million 20 Million 1.5 Thousand
22%
12. The Ronettes Sleigh Ride 25.2 Million 14.7 Million 1 Thousand
22%
8. Dean Martin Let It Snow! Let It Snow! Let It Snow! 26.7 Million 15 Million 1 Thousand
11%
No matching quizzes found
Score Distribution
Percent of People with Each Score
Percentile by Number Answered
Your Score History
You have not taken this quiz